Państwa bez dostępu do mórz i oceanów - Statystyki

Ogólne statystyki
  • Ten quiz został rozwiązany 50 razy
  • Średni wynik to 35 z 45
Statystyki odpowiedzi
Państwo % Poprawnych
Andora
95%
Czechy
95%
Austria
93%
Boliwia
93%
Kazachstan
93%
San Marino
93%
Szwajcaria
93%
Białoruś
91%
Węgry
91%
Liechtenstein
89%
Luksemburg
89%
Mongolia
89%
Słowacja
89%
Watykan
89%
Tadżykistan
86%
Uzbekistan
86%
Kirgistan
84%
Niger
84%
Kosowo
82%
Paragwaj
82%
Uganda
82%
Turkmenistan
80%
Afganistan
77%
Armenia
75%
Czad
75%
Lesotho
75%
Mołdawia
75%
Nepal
75%
Serbia
75%
Sudan Południowy
75%
Macedonia Północna
73%
Mali
70%
Bhutan
68%
Rwanda
68%
Zimbabwe
68%
Burkina Faso
66%
Burundi
64%
Republika Środkowoafrykańska
64%
Azerbejdżan
61%
Eswatini
61%
Laos
61%
Malawi
59%
Zambia
59%
Botswana
57%
Etiopia
55%
Nie znaleziono quizów pasujących do podanych kryteriów
Rozkład punktacji
Procent ludzi z każdym wynikiem
Percentyl według liczby udzielonych odpowiedzi
Twoja historia wyników
Nie rozwiązałeś tego quizu